Golden Ratio-Phi:The Finger Print of God/ (Record no. 175724)

MARC details
000 -LEADER
fixed length control field 00640nam a22001937a 4500
005 - DATE AND TIME OF LATEST TRANSACTION
control field 20200923113800.0
010 ## - LCCN (DPL NO)
LC control number ENG-128453
020 ## - INTERNATIONAL STANDARD BOOK NUMBER
Terms of availability 60.00
035 ## - SYSTEM CONTROL NUMBER
System control number EN-111985
037 ## - SOURCE OF ACQUISITION
Source of stock number/acquisition DBAD/PUB
082 ## - DEWEY DECIMAL CLASSIFICATION NUMBER
Classification number 137
100 ## - MAIN ENTRY--PERSONAL NAME
Personal name Guthikonda, Jawaharlal
245 ## - TITLE STATEMENT
Title Golden Ratio-Phi:The Finger Print of God/
Statement of responsibility, etc by Jawahar Lal Guthikonda
260 ## - PUBLICATION, DISTRIBUTION, ETC. (IMPRINT)
Place of publication, distribution, etc Vijaywada
Name of publisher, distributor, etc Sahithi Prachuranalu
Date of publication, distribution, etc 2017
270 ## - ADDRESS
Address 33-22-2, Chandram Buildings, C.R.Road, Chuttungunta
City Vijaywada
Postal code 520004
Telephone number 8121088500
300 ## - PHYSICAL DESCRIPTION
Extent 98p.
Dimensions 21cm(pbk)
Other physical details pictures,tables and illustrations
500 ## - GENERAL NOTE
General note Includes Appendix
942 ## - ADDED ENTRY ELEMENTS (KOHA)
Source of classification or shelving scheme Dewey Decimal Classification
Item type English Books
Classification part 137
Call number suffix GUT
Holdings
Withdrawn status Lost status Not for loan Collection code Home library Current library Date acquired Source of acquisition Cost, normal purchase price Full call number Barcode Cost, replacement price Koha item type
      Non-fiction Ashok Vihar Ashok Vihar 23/09/2020 DBAD/PUB 60.00 137 GUT EN-111985 60.00 English Books

© Delhi Public Library
Hit Counter
free hit counter